000 00694nam a2200229Ia 4500
003 OSt
005 20220927105708.0
006 a|||||r|||| 00| 0
007 ta
008 220926b |||||||| |||| 00| 0 eng d
024 _a201129
037 _cReference Collections
040 _aRTL
_cRTL
_beng
041 _2eng
_aeng
082 _a"sigmab4.2.N68<-N66, L1/RR"
100 _aPareek Udai ed.
245 0 _aDirectory of Indian Behavioural Science Research
260 _aDelhhi
_bSterling Publishers
_c1971
300 _a327p.
_ccm.
942 _h"sigmab4.2.N68<-N66, L1/RR"
_cCC
999 _c693937
_d693937